Statistics for Old World Countries in 1494 Map Quiz

Click here to take the quiz!

General Stats

  • This quiz has been taken 2,157 times
  • The average score is 43 of 121

Answers on the Map

Answers color-coded by a green-red scale on the quiz's map according to % correct below.
Loading ...
 

Answer Stats

Country% Correct
France
95%
Spain
94%
Ming Empire
94%
England
93%
Japan
92%
Portugal
92%
Scotland
92%
Ottoman Empire
91%
Netherlands
89%
Joseon
89%
Austria
87%
Florence
83%
Milan
82%
Genoa
82%
Savoy
80%
Holy Roman Empire
80%
Siena
80%
Montferrat
80%
Saluzzo
80%
Northern Yuan
80%
Lucca
80%
Mantua
80%
Aq Qoyunlu
80%
Modena
80%
Poland
76%
Hungary
73%
Sicily
69%
Dai Viet
67%
Lithuania
66%
Venice
65%
Naples
62%
Morocco
61%
Oman
59%
Yemen
59%
Tibet
59%
Ethiopia
58%
Mali
58%
Crimea
52%
Papal States
52%
Andorra
51%
Nepal
51%
Cambodia
50%
Bosnia
50%
Moldavia
47%
Muscovy
42%
Bhutan
42%
Wallachia
36%
Kalmar Union
36%
San Marino
36%
Golden Horde
35%
Kazakh Khanate
35%
Navarre
34%
Bengal
32%
Delhi
32%
Ulster
31%
Teutonic Order
29%
Mughalistan
29%
Mamluk Sultinate
29%
Brunei
27%
Munster
24%
Maldives
24%
Kashmir
22%
Kotte
22%
Timurid Empire
22%
Sibir
21%
Algiers
20%
Benin
19%
Kongo
19%
Kazan
19%
Gujarat
18%
Songhai
16%
Pskov
16%
Malacca
14%
Ragusa
14%
Majapahit
13%
Ahom
13%
Fez
12%
Sindh
11%
Ferrara
9%
Ayutthaya
9%
Orissa
9%
Swahili
8%
Connaught
8%
Champa
7%
Ryazan
7%
Bornu
6%
Ryukyu
6%
Lan Xang
6%
Jolof
6%
Deccan
6%
Ava
5%
Pegu
5%
Hausa
5%
Vijayanagara
5%
Sulu
5%
Bearn
4%
Arakan
4%
Adal
4%
Oyo
4%
Imereti
4%
Malwa
4%
Haasa
4%
Lanna
4%
Alodia
3%
Manipur
3%
Mutapa
3%
Kaffa
3%
Mong Mao
3%
Hafsid
3%
Cutch
2%
Qasim
2%
Gondwana
2%
Cospia
1%
Rajputna
1%
Kamata
1%
Khandesh
1%
Kotoko
1%
Santa Fiora
1%
Mandara
1%
Funj
1%
Mrauk U
1%

Score Distribution

Percentile by Number Answered

Percent of People with Each Score

Your Score History

You have not taken this quiz